[Event "ECC"]
[Site "Halkidiki GRE"]
[Date "2002.09.22"]
[Round "1"]
[White "Rasic,D"]
[Black "Gaspar,L"]
[Result "1-0"]
[WhiteElo "2342"]
[BlackElo "2142"]
[EventDate "2002.09.22"]

1. e4 c5 2. Nc3 Nc6 3. g3 g6 4. Bg2 Bg7 5. d3 d6 6. f4 e6 7. Nf3 Nge7 8.
O-O O-O 9. Be3 Nd4 10. e5 Nef5 11. Bf2 dxe5 12. Nxe5 Qc7 13. Ne4 Nd6 14.
Nxc5 Qxc5 15. c3 Qb5 16. Bxd4 Nf5 17. a4 Qa6 18. Bf2 Rd8 19. d4 Bd7 20. Re1
Rac8 21. g4 Ne7 22. Bh4 f6 23. Nxd7 Rxd7 24. Qb3 Kf7 25. Bg3 Qb6 26. Qb5
Qxb5 27. axb5 b6 28. Ra4 f5 29. h3 Rcc7 30. Bf3 Bf6 31. Rea1 Nd5 32. Kf2
Kg7 33. Ke2 Kf7 34. Kd3 Ne7 35. Re1 Nd5 36. Bd1 Rc8 37. Bf3 Rcc7 38. Rc1
Rc8 39. b3 Bg7 40. Rc4 Rdc7 41. Bxd5 exd5 42. Rxc7+ Rxc7 43. c4 Bf8 44. Bf2
Bd6 45. Be3 fxg4 46. hxg4 Rd7 47. c5 Bc7 48. Ra1 Bb8 49. f5 gxf5 50. Rf1
Ke6 51. Rxf5 Rg7 52. Rf8 Bg3 53. g5 Bc7 54. Ke2 bxc5 55. Rf6+ Kd7 56. dxc5
Be5 57. c6+ Kc8 58. Re6 Bc7 59. Bxa7 1-0

[Event "ECC"]
[Site "Halkidiki GRE"]
[Date "2002.09.22"]
[Round "1"]
[White "Horvath,Ad"]
[Black "Yeke,S"]
[Result "1/2-1/2"]
[WhiteElo "2476"]
[BlackElo "2258"]
[EventDate "2002.09.22"]

1. e4 e5 2. Nf3 Nc6 3. d4 exd4 4. Nxd4 Nf6 5. Nxc6 bxc6 6. e5 Qe7 7. Qe2
Nd5 8. c4 Nb6 9. Nc3 a5 10. Bd2 a4 11. Qe4 Qe6 12. Bd3 Ba6 13. b3 d5 14.
exd6 cxd6 15. O-O Qxe4 16. Bxe4 d5 17. Bf3 O-O-O 18. Rfd1 dxc4 19. Nxa4
Nxa4 20. bxa4 Rd3 21. Rab1 Bc5 22. Bf4 Rxd1+ 23. Rxd1 c3 24. Bg4+ Kb7 25.
Rd7+ Ka8 26. Bf3 Bb7 27. a5 Re8 28. h4 Re1+ 29. Kh2 Re7 30. Rd3 Bb4 31. a6
Bxa6 32. Rd4 Bc5 33. Bxc6+ Ka7 34. Rd8 Bxf2 35. a4 Kb6 36. Bf3 Be3 37. Rd6+
Ka5 38. Rd5+ Kxa4 39. Bd1+ Kb4 40. Bd6+ Kc4 41. Ra5 Re6 42. Bf8 Bd4 43. Bg4
f5 44. Bxf5 Be5+ 45. Kh3 Re8 46. Bxg7 Bxg7 47. Rxa6 h6 48. Kg4 Re2 49. Kf3
Re7 50. g4 Rb7 51. Rc6+ Kd4 52. Rc8 Bf6 53. Rc6 1/2-1/2

[Event "ECC"]
[Site "Halkidiki GRE"]
[Date "2002.09.22"]
[Round "1"]
[White "Groszpeter,A"]
[Black "Kilicaslan,H"]
[Result "1/2-1/2"]
[WhiteElo "2491"]
[BlackElo "2260"]
[EventDate "2002.09.22"]

1. e4 e5 2. Nf3 Nc6 3. Bb5 Bc5 4. O-O Nf6 5. c3 Nxe4 6. d4 Be7 7. dxe5 O-O
8. Re1 Nc5 9. Nbd2 a6 10. Bf1 d5 11. exd6 Qxd6 12. Nc4 Qxd1 13. Rxd1 Bg4
14. Bf4 Ne6 15. Bg3 Rad8 16. Re1 Bf5 17. Nfe5 Nxe5 18. Rxe5 Bd3 19. Na5
Bxf1 20. Kxf1 Bf6 21. Re2 Rd5 22. Nc4 Rfd8 23. Ne3 Rd3 24. Ng4 Bg5 25. Ne5
Rd1+ 26. Rxd1 Rxd1+ 27. Re1 Rxe1+ 28. Kxe1 Kf8 29. Nc4 b6 30. Ne5 Ke8 31.
f3 Bf4 32. Bxf4 Nxf4 33. g3 Ne6 34. Ke2 f6 35. Nc6 a5 36. Ke3 Kd7 37. Nd4
Nc5 38. b4 axb4 39. cxb4 Na6 40. Nc2 b5 41. a3 c6 42. Nd4 1/2-1/2

[Event "ECC"]
[Site "Halkidiki GRE"]
[Date "2002.09.22"]
[Round "1"]
[White "Guner,B"]
[Black "Horvath,Gy"]
[Result "0-1"]
[WhiteElo "2142"]
[BlackElo "2435"]
[EventDate "2002.09.22"]

1. d4 Nf6 2. Nf3 c5 3. d5 b5 4. Bg5 Qb6 5. Bxf6 Qxf6 6. e4 Qb6 7. Nbd2 d6
8. a4 b4 9. Bb5+ Bd7 10. Nc4 Qb7 11. Qe2 a6 12. Bxd7+ Nxd7 13. Na5 Qc7 14.
Nc6 g6 15. O-O Bg7 16. Rab1 Bf6 17. Nd2 O-O 18. f4 e6 19. Nc4 Rae8 20. Qd3
Bg7 21. Rbe1 Nf6 22. f5 gxf5 23. Nd2 fxe4 24. Nxe4 Nxd5 25. Ng5 f5 26. Rxe6
Rxe6 27. Nxe6 Qxc6 28. Nxf8 Bd4+ 29. Kh1 Ne3 30. Rf3 Qe4 31. Nd7 Qxd3 32.
cxd3 b3 33. Nb8 Nd1 34. Nxa6 Nxb2 35. a5 Nd1 36. Rf1 Nf2+ 37. Kg1 Nxd3+ 38.
Kh1 b2 39. Rb1 c4 40. Nc7 c3 0-1

[Event "ECC"]
[Site "Halkidiki GRE"]
[Date "2002.09.22"]
[Round "1"]
[White "Horvath,Ta1"]
[Black "Bolcan,E"]
[Result "1-0"]
[WhiteElo "2411"]
[BlackElo "2033"]
[EventDate "2002.09.22"]

1. e4 d5 2. exd5 Qxd5 3. Nc3 Qa5 4. d4 Bf5 5. Nge2 Nf6 6. Ng3 Bg6 7. Bc4 e6
8. O-O c6 9. Qe2 Be7 10. f4 Nbd7 11. Kh1 b5 12. Bb3 b4 13. Nd1 Nh5 14. Ne4
O-O 15. Ndf2 Nhf6 16. Bd2 Qb5 17. Bc4 Qb6 18. c3 a5 19. Ng5 Kh8 20. Nd3
Rae8 21. Rae1 Nd5 22. Nf3 c5 23. Nde5 Nxe5 24. Nxe5 cxd4 25. Nd7 d3 26.
Bxd3 Qd6 27. Nxf8 Bxf8 28. f5 bxc3 29. bxc3 Nxc3 30. Bxc3 Bh5 31. Qxh5 Qxd3
32. Qxf7 1-0

[Event "ECC"]
[Site "Halkidiki GRE"]
[Date "2002.09.22"]
[Round "1"]
[White "Storland,K"]
[Black "Gershon,A"]
[Result "0-1"]
[WhiteElo "2273"]
[BlackElo "2556"]
[EventDate "2002.09.22"]

1. e4 c5 2. Nf3 e6 3. c3 Nf6 4. e5 Nd5 5. d4 cxd4 6. cxd4 b6 7. a3 Be7 8.
Bd3 Ba6 9. O-O O-O 10. Bxa6 Nxa6 11. Qd3 Nac7 12. Nbd2 Nf4 13. Qe4 Ng6 14.
Nc4 b5 15. Ne3 d5 16. Qc2 a5 17. Bd2 Qd7 18. Rfc1 Rfc8 19. g3 a4 20. Qd3
Rab8 21. Rc2 Na8 22. Ba5 Rxc2 23. Qxc2 Rc8 24. Qd2 Bf8 25. Rc1 Ne7 26. Bb4
Nc6 27. Bxf8 Kxf8 28. Qd3 b4 29. Qxh7 Nd8 30. Rxc8 Qxc8 31. Qc2 Qxc2 32.
Nxc2 b3 33. Nb4 Nb6 34. Ne1 Nc4 35. Ned3 Kg8 36. Kf1 Kh7 37. Ke2 Kh6 38.
Kd1 Kg5 39. f3 Ne3+ 40. Kd2 Nf5 41. Kc3 Ne3 42. Na6 Nc6 43. Nac5 Nf1 44.
Nxa4 Nxh2 45. f4+ Kf5 46. Nac5 Nf1 47. Kxb3 Nxg3 48. Ka4 Ne2 49. Kb5 Ncxd4+
50. Kb6 Nxf4 51. a4 Nxd3 52. Nxd3 Nb3 53. a5 Nxa5 54. Kxa5 g5 55. b4 g4 56.
b5 g3 57. Ne1 d4 58. b6 d3 59. b7 d2 60. Ng2 Ke4 61. b8=Q d1=Q 62. Qb4+ Qd4
63. Qe1+ Kf3 64. Qf1+ Qf2 65. Ne1+ Kg4 66. Qc4+ Kf5 67. Qc3 Qa7+ 68. Kb4
Qb8+ 69. Ka3 Qxe5 70. Qf3+ Qf4 71. Qd3+ Kg5 72. Kb3 f6 73. Qe2 e5 74. Nf3+
Kf5 75. Kc3 Qe4 76. Qf1 Qe3+ 77. Kc4 0-1

[Event "ECC"]
[Site "Halkidiki GRE"]
[Date "2002.09.22"]
[Round "1"]
[White "Lerner,K"]
[Black "Harestad,T"]
[Result "1-0"]
[WhiteElo "2536"]
[BlackElo "2222"]
[EventDate "2002.09.22"]

1. d4 Nf6 2. Nf3 g6 3. c4 Bg7 4. g3 O-O 5. Bg2 d6 6. Nc3 c5 7. O-O Nc6 8.
d5 Na5 9. Nd2 a6 10. Qc2 Rb8 11. b3 b5 12. Rb1 e6 13. Bb2 exd5 14. cxd5 Bd7
15. h3 Re8 16. Rbe1 b4 17. Nd1 Qc8 18. Kh2 Bb5 19. Ne3 Qd7 20. Qc1 Rbc8 21.
Nec4 Nxc4 22. bxc4 Ba4 23. e4 Qc7 24. Qa1 Nh5 25. f4 f5 26. e5 Bh6 27. exd6
Qxd6 28. Be5 Qd8 29. Qb2 Bd7 30. Nf3 Rf8 31. Qd2 Nf6 32. Ng5 Bg7 33. d6 Kh8
34. Bd5 Qa5 35. Nf7+ Rxf7 36. Bxf7 Ne4 37. Rxe4 1-0

[Event "ECC"]
[Site "Halkidiki GRE"]
[Date "2002.09.22"]
[Round "1"]
[White "Harestad,H"]
[Black "Soffer,R"]
[Result "0-1"]
[WhiteElo "2186"]
[BlackElo "2492"]
[EventDate "2002.09.22"]

1. d4 Nf6 2. c4 e6 3. Nc3 Bb4 4. Qc2 O-O 5. Bg5 h6 6. Bh4 c5 7. e3 cxd4 8.
exd4 Nc6 9. O-O-O Bxc3 10. bxc3 d5 11. Nf3 dxc4 12. Ne5 Na5 13. Ng4 Qd6 14.
Nxf6+ gxf6 15. Qd2 Qa3+ 16. Qb2 Qxb2+ 17. Kxb2 Kg7 18. Re1 Bd7 19. Re3 f5
20. Rg1 Rg8 21. g4 Kh7 22. g5 Rg7 23. f4 Rh8 24. Be2 hxg5 25. Rxg5 Rxg5 26.
Bxg5 Kg7 27. Rg3 f6 28. Bh4+ Kf7 29. Rh3 Bc6 30. Bf1 Be4 31. Bf2 Rxh3 32.
Bxh3 Nc6 33. Bf1 b5 34. a4 a6 35. axb5 axb5 36. Be2 Kg6 37. Bg3 Ne7 38. Kc1
Nd5 39. Kd2 Kf7 40. Bh5+ Ke7 41. Be2 b4 42. cxb4 c3+ 43. Kc1 Nxb4 44. Bc4
Bd5 45. Bxd5 exd5 46. Bh4 Kf7 47. Bg3 Kg7 48. Bh4 Kg6 49. Kd1 Nc6 50. Bf2
Kh5 51. h3 Nd8 52. Kc2 Ne6 53. Kxc3 Nxf4 54. Bg3 Ne2+ 0-1

[Event "ECC"]
[Site "Halkidiki GRE"]
[Date "2002.09.22"]
[Round "1"]
[White "Cobb,C"]
[Black "Hickl,J"]
[Result "1-0"]
[WhiteElo "2313"]
[BlackElo "2602"]
[EventDate "2002.09.22"]

1. c4 e5 2. Nc3 d6 3. d4 exd4 4. Qxd4 Nc6 5. Qd2 Nf6 6. b3 Be6 7. e4 g6 8.
Bb2 Bg7 9. Nf3 O-O 10. Be2 a5 11. O-O a4 12. Rad1 axb3 13. axb3 Re8 14. h3
Nd7 15. Nd5 Ra2 16. Nc3 Ra8 17. Nd5 Nde5 18. Ra1 Rxa1 19. Rxa1 Nxf3+ 20.
Bxf3 Ne5 21. Be2 c5 22. Nc3 Qh4 23. Nb5 Rd8 24. f4 Bh6 25. Rf1 f6 26. Qe3
Nf7 27. g3 Qxh3 28. Rf2 Bc8 29. Bxf6 Rf8 30. Bb2 Bg7 31. Bxg7 Kxg7 32. Nc7
Nd8 33. f5 Qh6 34. f6+ 1-0

[Event "ECC"]
[Site "Halkidiki GRE"]
[Date "2002.09.22"]
[Round "1"]
[White "Atlas,V"]
[Black "Trevelyan,J"]
[Result "1-0"]
[WhiteElo "2501"]
[BlackElo "2207"]
[EventDate "2002.09.22"]

1. e4 d6 2. d4 e5 3. dxe5 dxe5 4. Qxd8+ Kxd8 5. Nf3 f6 6. Be3 Nd7 7. Nc3
Bc5 8. Bd2 a5 9. Na4 Bb4 10. c3 Bf8 11. O-O-O c6 12. c4 Kc7 13. Be3 b6 14.
Ne1 Nc5 15. Nxc5 Bxc5 16. Bxc5 bxc5 17. Nd3 Kb6 18. b3 Nh6 19. Nb2 Nf7 20.
Na4+ Kc7 21. Nxc5 Ng5 22. h4 Ne6 23. Nxe6+ Bxe6 24. Bd3 Rad8 25. Bc2 c5 26.
Kb2 Rxd1 27. Rxd1 Rd8 28. Rf1 Rd4 29. Kc3 Rd8 30. Bd3 Rb8 31. a3 Kd6 32.
Rd1 Kc7 33. Rb1 Kd6 34. g3 h6 35. f4 Rb7 36. Be2 Kc6 37. Bh5 Kd6 38. f5 Bd7
39. Bf7 Ra7 40. Bd5 Be8 41. g4 Ra6 42. Rd1 Ke7 43. Rg1 g6 44. Rh1 g5 45.
hxg5 fxg5 46. Be6 1-0

[Event "ECC"]
[Site "Halkidiki GRE"]
[Date "2002.09.22"]
[Round "1"]
[White "Spice,A"]
[Black "Gustafsson,J"]
[Result "0-1"]
[WhiteElo "2171"]
[BlackElo "2542"]
[EventDate "2002.09.22"]

1. Nc3 d5 2. e4 c6 3. d4 dxe4 4. Nxe4 Bf5 5. Ng3 Bg6 6. h4 h6 7. h5 Bh7 8.
Nf3 e6 9. Bd3 Bxd3 10. Qxd3 Nf6 11. Bd2 Be7 12. O-O-O Nbd7 13. Ne4 O-O 14.
Nxf6+ Nxf6 15. Kb1 c5 16. Bc3 Qc7 17. dxc5 Rfd8 18. Qe2 Qxc5 19. Bd4 Qf5
20. Ne5 Rd5 21. g4 Qf4 22. c3 Bd6 23. Nd3 Qxg4 24. Qxg4 Nxg4 25. Rhg1 e5
26. Rxg4 exd4 27. Rxd4 Rxd4 28. cxd4 Re8 29. Ne5 Rc8 30. Re1 Rc7 31. f4 Kf8
32. Re2 Ke7 33. Ng4+ Kd7 34. f5 Rc4 35. Ne5+ Bxe5 36. dxe5 Rf4 37. e6+ Ke7
38. Re5 fxe6 39. Rxe6+ Kf7 40. Re5 Rh4 41. Rc5 Rxh5 42. b4 Kf6 43. a4 Rxf5
44. Rc7 h5 45. Rxb7 h4 46. Rb8 Rh5 0-1

[Event "ECC"]
[Site "Halkidiki GRE"]
[Date "2002.09.22"]
[Round "1"]
[White "Naumann,A"]
[Black "Borg,A"]
[Result "1-0"]
[WhiteElo "2507"]
[BlackElo "2124"]
[EventDate "2002.09.22"]

1. e4 c5 2. Nf3 g6 3. d4 Bg7 4. d5 Nf6 5. Nc3 d6 6. Bb5+ Bd7 7. a4 O-O 8.
h3 a6 9. Be2 Qc7 10. O-O e6 11. Bf4 e5 12. Bh2 Bc8 13. Nd2 Nbd7 14. Nc4 Rb8
15. a5 b5 16. axb6 Nxb6 17. Na5 Ra8 18. Nc6 Bb7 19. Na5 Bc8 20. Ra3 Bd7 21.
Qa1 c4 22. b4 Bb5 23. Bf3 Nfd7 24. Rd1 f5 25. Nc6 f4 26. Nxb5 axb5 27. Ra7
Rxa7 28. Qxa7 Qxa7 29. Nxa7 Ra8 30. Nxb5 Bf8 31. Bg4 Nf6 32. f3 Ra2 33. Rc1
Rb2 34. c3 Ra2 35. Kf1 Na4 36. Bg1 Nb2 37. Rb1 Na4 38. Bf2 g5 39. Be1 h5
40. Be6+ Kg7 41. Nc7 Ra3 42. b5 Nb6 43. Bf2 Nfd7 44. Bxd7 Nxd7 45. b6 Rb3
46. Rxb3 cxb3 47. Nb5 Be7 48. Ke2 Bd8 49. b7 Bc7 50. Kd2 Bb8 51. Ba7 Bxa7
52. Nxa7 g4 53. Nc6 gxh3 54. gxh3 Kf6 1-0

[Event "ECC"]
[Site "Halkidiki GRE"]
[Date "2002.09.23"]
[Round "2"]
[White "Krasenkow,M"]
[Black "Korchnoi,V"]
[Result "0-1"]
[WhiteElo "2662"]
[BlackElo "2626"]
[EventDate "2002.09.22"]

1. d4 Nf6 2. c4 e6 3. Nf3 d5 4. Nc3 dxc4 5. Qa4+ c6 6. Qxc4 b5 7. Qd3 Nbd7
8. e4 b4 9. Na4 Bb7 10. e5 Nd5 11. Ng5 h6 12. Ne4 Qa5 13. b3 N5b6 14. Nac5
Nxc5 15. dxc5 Nd7 16. Qg3 Nxc5 17. Nd2 Qd8 18. Nc4 Qd4 19. Bb2 Qe4+ 20. Qe3
Qxe3+ 21. fxe3 a5 22. Rc1 a4 23. Nb6 Ra7 24. bxa4 Nxa4 25. Nxa4 Rxa4 26.
Bc4 Ra5 27. Kf2 Ba6 28. Bb3 Bb5 29. Bd4 Be7 30. Rhd1 O-O 31. Bc5 Bxc5 32.
Rxc5 Rfa8 33. Rd4 Rxa2+ 34. Bxa2 Rxa2+ 35. Kg3 Rb2 36. Rc1 b3 37. Rb4 Rc2
38. Ra1 Bc4 39. h4 c5 40. Rb8+ Kh7 41. e4 Kg6 42. Ra7 Rc3+ 43. Kh2 Bd3 44.
h5+ Kxh5 45. Rxf7 Bxe4 46. Rxg7 c4 47. Rb4 Rc2 48. Kh3 Bg6 49. Rgb7 Kg5 50.
Kg3 Be4 0-1

[Event "ECC"]
[Site "Halkidiki GRE"]
[Date "2002.09.23"]
[Round "2"]
[White "Popov,Val"]
[Black "Kempinski,R"]
[Result "1/2-1/2"]
[WhiteElo "2579"]
[BlackElo "2587"]
[EventDate "2002.09.22"]

1. d4 Nf6 2. c4 g6 3. Nc3 Bg7 4. e4 O-O 5. Nf3 c6 6. Bd3 d6 7. O-O Na6 8.
Re1 e5 9. d5 Nc5 10. Bc2 a5 11. a3 cxd5 12. cxd5 Bd7 13. Be3 Qb6 14. Ba4
Rfc8 15. Rb1 Qa6 16. Bxd7 Nfxd7 17. a4 Qc4 18. Nd2 Qa6 19. Nb5 Nf6 20. Bxc5
Rxc5 21. b3 Ne8 22. Nc4 Bf8 23. Rc1 Rac8 24. Qg4 Rd8 25. Qg5 Rdc8 26. Qe3
Nc7 27. Nca3 Nxb5 28. Rxc5 Rxc5 29. Nxb5 Be7 30. Rc1 Rxc1+ 31. Qxc1 Qb6 32.
Qc8+ Kg7 33. g3 h5 34. h4 Bf8 35. Kg2 Be7 36. Kg1 Bf8 37. Kg2 Be7 38. Kf1
Bf8 39. Ke1 Be7 40. Ke2 Bf8 41. Kf1 Be7 42. Kg2 Bf8 43. Kg1 Be7 44. Qd7 Bf8
45. Nc7 Kg8 46. Ne8 Qxb3 47. Nf6+ Kg7 48. Ne8+ Kg8 49. Nf6+ Kg7 50. Qd8
Qd1+ 51. Kg2 Qxa4 52. Nd7 Qxe4+ 53. Kg1 Qe1+ 54. Kg2 Qe4+ 1/2-1/2

[Event "ECC"]
[Site "Halkidiki GRE"]
[Date "2002.09.23"]
[Round "2"]
[White "Smirnov,P"]
[Black "Socko,B"]
[Result "0-1"]
[WhiteElo "2539"]
[BlackElo "2562"]
[EventDate "2002.09.22"]

1. e4 e5 2. Nf3 Nc6 3. Bb5 a6 4. Ba4 Nf6 5. O-O Be7 6. Re1 b5 7. Bb3 d6 8.
c3 O-O 9. h3 Nb8 10. d4 Nbd7 11. Nbd2 Bb7 12. Bc2 Re8 13. Nf1 Bf8 14. Ng3
g6 15. b3 Bg7 16. d5 Qb8 17. Be3 c6 18. c4 Qc7 19. Rc1 bxc4 20. bxc4 Nc5
21. Nd2 a5 22. Ne2 Ba6 23. Bxc5 dxc5 24. Ba4 Bb7 25. Rb1 Rec8 26. Qb3 Rcb8
27. Nc3 Ba6 28. Qc2 cxd5 29. exd5 Rxb1 30. Rxb1 Bc8 31. Qb3 Bf5 32. Qb6 Qe7
33. Qb7 Qd8 34. Rb6 Rc8 35. Nb5 Nd7 36. Rd6 Bf8 37. Ne4 Bxe4 38. Qxd7 Qg5
39. Qg4 Qc1+ 40. Kh2 f5 41. Rxg6+ hxg6 42. Qxg6+ Bg7 43. Nd6 Qf4+ 44. Kg1
Rb8 45. Bb5 Qh6 46. Qf7+ Kh7 47. Qc7 Rg8 48. Bd7 Qg5 49. Nxe4 fxe4 0-1

[Event "ECC"]
[Site "Halkidiki GRE"]
[Date "2002.09.23"]
[Round "2"]
[White "Georgiev,Ki"]
[Black "Luther,T"]
[Result "1/2-1/2"]
[WhiteElo "2654"]
[BlackElo "2551"]
[EventDate "2002.09.22"]

1. d4 e6 2. c4 Nf6 3. g3 d5 4. Bg2 dxc4 5. Nf3 Nc6 6. Qa4 Bb4+ 7. Bd2 Nd5
8. Bxb4 Ndxb4 9. a3 b5 10. Qxb5 Nc2+ 11. Kf1 Bd7 12. Ra2 N6xd4 13. Qc5 Qe7
14. Qxe7+ Kxe7 15. Nxd4 Nxd4 16. Bxa8 Rxa8 17. Nc3 Nb3 18. Kg2 Bc6+ 19. f3
Rd8 20. Rd1 Rxd1 21. Nxd1 Kd6 22. Kf2 Kc5 23. Ke1 f5 24. Nc3 a5 25. a4 e5
26. Kd1 Kd4 27. Ra3 e4 28. f4 e3 29. Ke1 Kc5 30. Nd1 Kd4 31. h3 h5 32. h4
Bg2 33. Nc3 c6 34. Kd1 Be4 35. Ra2 Bg2 36. Ra3 1/2-1/2

[Event "ECC"]
[Site "Halkidiki GRE"]
[Date "2002.09.23"]
[Round "2"]
[White "Damljanovic,B"]
[Black "Kindermann,S"]
[Result "1-0"]
[WhiteElo "2535"]
[BlackElo "2519"]
[EventDate "2002.09.22"]

1. c4 f5 2. g3 Nf6 3. Bg2 g6 4. Nc3 Bg7 5. d3 d6 6. e4 fxe4 7. dxe4 O-O 8.
Nge2 c5 9. h3 Nc6 10. O-O e5 11. f4 Nd4 12. f5 gxf5 13. exf5 Nxf5 14. Qd3
Nd4 15. Bg5 Be6 16. Ne4 Rc8 17. N2c3 Rc7 18. Bh4 Bf5 19. Nd5 Rcf7 20. Rxf5
Nxf5 21. Nexf6+ Bxf6 22. Qxf5 Bxh4 23. Qg4+ Rg7 24. Qxh4 Qxh4 25. gxh4 Rf3
26. Rf1 Rxf1+ 27. Kxf1 Kf8 28. Ne3 Rf7+ 29. Ke2 b6 30. Be4 Ke7 31. h5 Kd7
32. h6 Kd8 33. b3 Kd7 34. h4 Kd8 35. Nf5 Rf6 36. h5 b5 37. Kf3 bxc4 38.
bxc4 d5 39. cxd5 Ra6 40. Ne3 Rxh6 41. Kg4 Ra6 42. Bxh7 Rxa2 43. Bc2 Ra1 44.
h6 Rh1 45. h7 a5 46. Ng2 1-0

[Event "ECC"]
[Site "Halkidiki GRE"]
[Date "2002.09.23"]
[Round "2"]
[White "Teske,H"]
[Black "Ivanisevic,I"]
[Result "1/2-1/2"]
[WhiteElo "2529"]
[BlackElo "2550"]
[EventDate "2002.09.22"]

1. d4 d6 2. g3 Nf6 3. Bg2 g6 4. c4 Bg7 5. Nc3 O-O 6. e3 e5 7. Nge2 Nbd7 8.
b3 Re8 9. Bb2 c6 10. d5 c5 11. e4 Nh5 12. Qc2 a6 13. O-O Ndf6 14. a4
1/2-1/2

[Event "ECC"]
[Site "Halkidiki GRE"]
[Date "2002.09.23"]
[Round "2"]
[White "Mitkov,N"]
[Black "Watzka,H"]
[Result "1/2-1/2"]
[WhiteElo "2493"]
[BlackElo "2351"]
[EventDate "2002.09.22"]

1. e4 e5 2. Bc4 Nf6 3. d3 Nc6 4. Nc3 Na5 5. Nge2 Be7 6. O-O O-O 7. a4 Nxc4
8. dxc4 d6 9. Qd3 c6 10. b3 Ne8 11. Ng3 Be6 12. f4 exf4 13. Bxf4 Bg5 14.
Nf5 Bxf4 15. Rxf4 Bxf5 16. exf5 Nf6 17. Rd1 Re8 18. Qxd6 Re1+ 19. Rf1 Rxf1+
20. Kxf1 Qa5 21. Qd3 Re8 22. h3 h6 23. Re1 Rxe1+ 24. Kxe1 h5 25. Kd1 Qc5
26. Qf3 a6 27. Kc1 Qd4 28. Kb2 h4 29. Kb1 Kh7 30. Ka2 Qe5 31. Qd3 Qf4 32.
a5 Qf2 33. Ne4 Qxg2 34. Nd6 Qg3 35. Nxf7 Qxd3 36. cxd3 Nh5 37. Ng5+ Kh6 38.
Nf7+ Kh7 39. d4 Nf4 1/2-1/2

[Event "ECC"]
[Site "Halkidiki GRE"]
[Date "2002.09.23"]
[Round "2"]
[White "Detter,P"]
[Black "Georgiev,Vl"]
[Result "0-1"]
[WhiteElo "2170"]
[BlackElo "2502"]
[EventDate "2002.09.22"]

1. d4 d6 2. e4 Nf6 3. Nc3 e5 4. dxe5 dxe5 5. Qxd8+ Kxd8 6. Bg5 Nbd7 7. Bc4
Ke8 8. Nge2 c6 9. a4 a5 10. f3 Nb6 11. Bb3 Nfd7 12. Rd1 f6 13. Be3 Bc5 14.
Kf2 Bxe3+ 15. Kxe3 Nc5 16. Rd6 Ke7 17. Rhd1 Nxb3 18. cxb3 Be6 19. R6d3 Bxb3
20. Ra1 Bc2 21. g4 0-1

[Event "ECC"]
[Site "Halkidiki GRE"]
[Date "2002.09.23"]
[Round "2"]
[White "Tregubov,P"]
[Black "Kuzmin,G"]
[Result "1-0"]
[WhiteElo "2599"]
[BlackElo "2512"]
[EventDate "2002.09.22"]

1. d4 Nf6 2. c4 e6 3. Nf3 d5 4. Nc3 c5 5. cxd5 Nxd5 6. e4 Nxc3 7. bxc3 cxd4
8. cxd4 Bb4+ 9. Bd2 Bxd2+ 10. Qxd2 O-O 11. Bc4 Nc6 12. O-O e5 13. d5 Na5
14. Rfc1 f6 15. d6+ Nxc4 16. Qd5+ Rf7 17. Rxc4 Qe8 18. Rc7 Rb8 19. Re7 1-0

[Event "ECC"]
[Site "Halkidiki GRE"]
[Date "2002.09.23"]
[Round "2"]
[White "Shneider,A"]
[Black "Rustemov,A"]
[Result "1/2-1/2"]
[WhiteElo "2506"]
[BlackElo "2589"]
[EventDate "2002.09.22"]

1. d4 e6 2. c4 d5 3. Nc3 Be7 4. Nf3 Nf6 5. Bg5 h6 6. Bxf6 Bxf6 7. e3 O-O 8.
Qb3 c6 9. Be2 Nd7 10. Rd1 Nb6 11. O-O Nxc4 12. Bxc4 dxc4 13. Qxc4 Bd7 14.
Ne4 Be7 15. Nc5 Qc7 16. Ne5 Be8 17. Rc1 Rc8 18. b4 Bd6 19. f4 Qe7 20. e4 b6
21. Ncd3 f6 22. Nf3 Bg6 23. Rfe1 Qf7 24. a3 Rfd8 25. e5 Bf8 26. exf6 gxf6
27. Nf2 c5 28. dxc5 bxc5 29. b5 Rd5 30. a4 Qd7 31. Ne4 Bg7 32. Nc3 Bd3 33.
Qa2 Rd6 34. Ne4 Rd5 35. Nc3 1/2-1/2

[Event "ECC"]
[Site "Halkidiki GRE"]
[Date "2002.09.23"]
[Round "2"]
[White "Nevednichy,V"]
[Black "Fressinet,L"]
[Result "1-0"]
[WhiteElo "2537"]
[BlackElo "2619"]
[EventDate "2002.09.22"]

1. e4 e5 2. Nf3 Nc6 3. Bc4 Nf6 4. d3 Be7 5. O-O O-O 6. a4 d5 7. exd5 Nxd5
8. h3 f5 9. Re1 Bf6 10. Nbd2 Kh8 11. a5 a6 12. Nf1 Be6 13. Ng3 Qd7 14. c3
Bg8 15. Nh5 Bf7 16. Ng3 Bg6 17. Qb3 Nde7 18. Ng5 f4 19. N3e4 Bxg5 20. Nxg5
Bxd3 21. Bxd3 Qxd3 22. Nf7+ Rxf7 23. Qxf7 Rd8 24. Bxf4 exf4 25. Rxe7 Nxe7
26. Qxe7 Qd6 27. Re1 h6 28. Qxd6 Rxd6 29. Re7 Rc6 30. Kf1 Kg8 31. Ke2 Kf8
32. Rd7 Rc5 33. Kf3 Rxa5 34. Rxc7 b5 35. h4 Ra2 36. b4 h5 37. Rc5 g6 38.
Rc7 Kg8 39. g3 fxg3 40. fxg3 Ra3 41. Kf4 a5 42. bxa5 Rxa5 43. Kg5 Ra4 44.
Kh6 Kf8 45. Rc5 Ra6 46. Rxb5 Rc6 47. c4 Kf7 48. Rb7+ Kf6 49. c5 Rxc5 50.
Rb6+ Kf5 51. Rxg6 Rc8 52. Rg5+ 1-0

[Event "ECC"]
[Site "Halkidiki GRE"]
[Date "2002.09.23"]
[Round "2"]
[White "Blagojevic,D"]
[Black "Sax,G"]
[Result "1/2-1/2"]
[WhiteElo "2537"]
[BlackElo "2511"]
[EventDate "2002.09.22"]

1. d4 Nf6 2. c4 e6 3. g3 c5 4. Nf3 cxd4 5. Nxd4 Qc7 6. Nc3 a6 7. e3 b6 8.
Bg2 Bb7 9. Bxb7 Qxb7 10. O-O d6 11. Qe2 Nbd7 12. b3 Be7 13. Bb2 O-O 1/2-1/2

[Event "ECC"]
[Site "Halkidiki GRE"]
[Date "2002.09.23"]
[Round "2"]
[White "Horvath,Ad"]
[Black "Varga,Zo"]
[Result "1/2-1/2"]
[WhiteElo "2476"]
[BlackElo "2528"]
[EventDate "2002.09.22"]

1. e4 Nf6 2. e5 Nd5 3. d4 d6 4. c4 Nb6 5. exd6 exd6 6. Nc3 Be7 7. Bd3 c6 8.
Nge2 d5 9. c5 N6d7 10. Bf4 O-O 11. O-O Re8 12. b4 Nf8 1/2-1/2

[Event "ECC"]
[Site "Halkidiki GRE"]
[Date "2002.09.23"]
[Round "2"]
[White "Kosic,D"]
[Black "Horvath,Cs"]
[Result "1/2-1/2"]
[WhiteElo "2542"]
[BlackElo "2517"]
[EventDate "2002.09.22"]

1. d4 d5 2. Nf3 Nf6 3. c4 dxc4 4. e3 e6 5. Bxc4 c5 6. O-O a6 7. a4 Nc6 8.
Nc3 Be7 9. Qe2 cxd4 10. Rd1 e5 11. exd4 exd4 12. Nxd4 Nxd4 13. Qe5 Qd6 14.
Qxd6 Bxd6 15. Rxd4 1/2-1/2

[Event "ECC"]
[Site "Halkidiki GRE"]
[Date "2002.09.23"]
[Round "2"]
[White "Glavas,D"]
[Black "Palkovi,J"]
[Result "0-1"]
[WhiteElo "2273"]
[BlackElo "2389"]
[EventDate "2002.09.22"]

1. d4 Nf6 2. c4 e6 3. Nc3 Bb4 4. Bg5 h6 5. Bh4 c5 6. d5 b5 7. dxe6 fxe6 8.
cxb5 O-O 9. e3 Qa5 10. Bxf6 Rxf6 11. Qc1 a6 12. b6 Qxb6 13. a3 Ba5 14. Nf3
d5 15. Nd2 Nd7 16. Be2 Bb7 17. O-O Raf8 18. Qc2 Qc6 19. f3 c4 20. Rfe1 Bb6
21. Bf1 Ne5 22. h3 Rg6 23. Kh1 Rg3 24. Ne2 Rg6 25. Nd4 Qe8 26. f4 Nd7 27.
N2f3 Rgf6 28. b3 cxb3 29. Qxb3 e5 30. fxe5 Nxe5 31. Be2 Nd7 32. Rac1 R8f7
33. Qb4 Qb8 34. Rf1 a5 35. Qd2 Nc5 36. Bd3 Qg3 37. Rb1 Ne4 38. Bxe4 dxe4
39. Ne2 0-1

[Event "ECC"]
[Site "Halkidiki GRE"]
[Date "2002.09.23"]
[Round "2"]
[White "Movsesian,S"]
[Black "Maksimenko,A"]
[Result "1-0"]
[WhiteElo "2654"]
[BlackElo "2523"]
[EventDate "2002.09.22"]

1. e4 c5 2. Nf3 d6 3. d4 cxd4 4. Nxd4 Nf6 5. Nc3 e6 6. g4 h6 7. Be3 Nc6 8.
Rg1 Be7 9. h4 d5 10. Bb5 Bd7 11. exd5 Nxd5 12. Nxd5 exd5 13. g5 hxg5 14.
hxg5 Rh4 15. Nb3 Qc7 16. Bxc6 bxc6 17. Qe2 c5 18. g6 Qe5 19. O-O-O Bf6 20.
c3 Rc8 21. Rge1 Re4 22. f3 c4 23. Nc5 Rxc5 24. fxe4 1-0

[Event "ECC"]
[Site "Halkidiki GRE"]
[Date "2002.09.23"]
[Round "2"]
[White "Kozul,Z"]
[Black "Firman,N"]
[Result "1-0"]
[WhiteElo "2588"]
[BlackElo "2494"]
[EventDate "2002.09.22"]

1. d4 d5 2. c4 c6 3. Nf3 Nf6 4. Nc3 e6 5. cxd5 exd5 6. Bg5 Be7 7. Qc2 g6 8.
e3 Bf5 9. Bd3 Bxd3 10. Qxd3 Nbd7 11. Bh6 Bd6 12. h3 Qe7 13. Nd2 O-O-O 14.
O-O Rhg8 15. Bg5 h6 16. Bxh6 g5 17. Qf5 Rg6 18. Bxg5 Rdg8 19. Nf3 Qe8 20.
g4 Nxg4 21. hxg4 f6 22. Rfc1 fxg5 23. Nb5 Bb8 24. Ne5 Rf6 25. Qxd7+ Qxd7
26. Nxd7 Kxd7 27. Nc3 Rh8 28. Kf1 Bg3 29. Nd1 Bxf2 30. Ke2 Rh2 31. Kd3 Bh4
32. b4 a6 33. Nc3 Rff2 34. Rd1 Rhg2 35. a4 Rc2 36. Rac1 Rxc1 37. Rxc1 Rxg4
38. Rf1 Ke7 39. b5 Rg2 40. bxa6 bxa6 41. Rb1 Kd6 42. e4 Rg3+ 43. Kd2 Rg4
44. Rb6 dxe4 45. Rxa6 Rg2+ 46. Kd1 e3 47. Ne2 Rf2 48. Ra8 Rf1+ 49. Kc2 Ra1
50. Nc3 Be1 51. Ne4+ Kd5 52. Nxg5 Bh4 53. Ra5+ Kxd4 54. Nf3+ Ke4 55. Nxh4
Ra2+ 56. Kb3 Rh2 57. Nf5 Rh3 58. Kc3 Rh1 59. Ng3+ 1-0